000
00265nam a22001217a 4500
041
_a
ENG
100
_a
Gadge.S.R
245
_a
Pratical Manual for Engineering Chemistry
260
_a
Akola
_b
Dr.PDKV
_c
1999
300
_a
20
650
_a
EOES (12)
856
_u
EOES (12)
999
_c
2722
_d
2722